| 000 | 00928nam a2200277Ia 4500 | ||
|---|---|---|---|
| 003 | OSt | ||
| 005 | 20221007124142.0 | ||
| 006 | a|||||r|||| 00| 0 | ||
| 007 | ta | ||
| 008 | 221006b |||||||| |||| 00| 0 eng d | ||
| 020 | _a9788122421361 (pbk) | ||
| 024 | _a110084 | ||
| 037 |
_b1847, 08/07/2010, Educational Book Agency (India) _cTextbook |
||
| 040 |
_aCDL _cCDL _beng |
||
| 041 |
_2eng _aeng |
||
| 082 | _aE:f3, P9-;4 Carc | ||
| 100 |
_aSethi Arun _9718560 |
||
| 245 | 0 | _aSystematic experiments in chemistry | |
| 260 |
_aNew _bDelhi New Age International Publishers _c2009 |
||
| 300 |
_axxix, 850p. _ccm. |
||
| 500 | _aBibliography 829-830p.; Appendices 831-832p.; Index 833-850p. | ||
| 650 |
_a Experimental chemistry _9718561 |
||
| 650 | _aChemistry | ||
| 942 |
_hE:f3, P9-;4 Carc _cTB _2CC |
||
| 999 |
_c1213090 _d1213090 |
||